000 00446nam a22001577a 4500
005 20260422175101.0
008 260422b |||||||| |||| 00| 0 eng d
020 _a031246309x
020 _a9780312463090
050 _aPE1417
_b.S79 ESC
100 _aEschholz Paul
245 _aSubject & Strategy:
_bA writer's reader/
_cPaul Eschholz & Alfred Rosa
250 _a11th Ed.
260 _aBedford
_bSt. Martin's
_c2008
942 _2lcc
_cBK
_e11th Ed.
_n0
999 _c9554
_d9554